Words in University/College Names Quiz Stats

 Plays Quiz Updated Dec 11, 2018

Challenge
Share
Tweet
Embed
Score 0/60 Timer 12:00
56 Plays Today
Number Word % Correct
1440University
97.5%
2999College
95.3%
1956Of
91.8%
255The
85.2%
381State
84.3%
67St.
80.1%
137New
70.5%
78North
68.9%
79South
68.6%
78California
68.1%
70Tech
67.5%
79West
66.6%
124At
63.4%
88Texas
58.4%
889School
52.5%
904Institute
52.4%
68Florida
49.9%
449And/&
48.8%
68Southern
44.5%
284Technology
38.6%
85Art
38.3%
81City
34.8%
63Ohio
34.7%
608Community
33.6%
58Pennsylvania
30.2%
89Arts
29.3%
77Saint
29.2%
61Virginia
26.7%
529Technical
23.8%
103Central
22.8%
Number Word % Correct
120Business
22.6%
391Academy
21.8%
99San
21.3%
75Education
21.3%
108American
19.8%
118Medical
19.3%
136County
16.1%
61National
15.4%
59Sciences
15.3%
374Center
13.7%
165Design
12.1%
99International
12.1%
60Louisiana
11.1%
288Campus
10%
147Nursing
9.1%
91Phoenix
7.3%
110Valley
7.1%
135Seminary
5.2%
566Beauty
4.9%
118Health
4.7%
189Cosmetology
3.1%
182Hair
2.9%
90Training
2.7%
85Theological
2.4%
109ITT
2.3%
273Career
1.9%
188Inc.
1.6%
82Everest
1.3%
63Massage
1.2%
88Empire
0.9%

You're not logged in!

Compare scores with friends on all Sporcle quizzes.
OR
Log In

You Might Also Like...

Show Comments

Extras

Top Quizzes Today


Score Distribution

Your Account Isn't Verified!

In order to create a playlist on Sporcle, you need to verify the email address you used during registration. Go to your Sporcle Settings to finish the process.

Report this User

Report this user for behavior that violates our Community Guidelines.

Details: